| 000 | 00692cam a2200229 4500 | ||
|---|---|---|---|
| 001 | B2958 | ||
| 008 | 090401t1990 xxu||||| |||| 00| 0 eng d | ||
| 035 | _a(Sirsi) u53187 | ||
| 041 | _aeng | ||
| 050 | _a336.21 | ||
| 110 |
_aUnited Kingdom _bDepartment of the Environment _9982 |
||
| 245 | _aPaying for local government : non-domestic rates : transitional arrangements | ||
| 260 |
_aLondon _bDepartment of the Environment _c1990 |
||
| 300 | _a(54)p. ; 30cm. | ||
| 350 | _a0 | ||
| 490 |
_aNon-domestic Rates Practice Note _v3 |
||
| 650 | _aUNIFORM BUSINESS RATE | ||
| 690 | _aRATING AND VALUATION | ||
| 710 |
_aUnited Kingdom _bWelsh Office _91214 |
||
| 942 | _n0 | ||
| 948 | _c04/03/1997 | ||
| 999 |
_c93233 _d93233 |
||